|
|
|
|
| LEADER |
00976nam a2200253 a 4500 |
| 001 |
4769811 |
| 008 |
100124s1987 caua b 001 0 eng d |
| 010 |
|
|
|a 86015492
|
| 020 |
|
|
|a 0803926472
|
| 020 |
|
|
|a 0803926480 (pbk.)
|
| 040 |
|
|
|a DLC
|c DLC
|d DLC
|d DB-DhAAL
|
| 082 |
0 |
0 |
|a 301/.0723
|2 19
|
| 100 |
1 |
|
|a McKillip, Jack.
|
| 245 |
1 |
0 |
|a Need analysis :
|b tools for the human services and education /
|c Jack McKillip.
|
| 260 |
|
|
|a Newbury Park, Calif. :
|b Sage Publications,
|c c1987.
|
| 300 |
|
|
|a 143 p. :
|b ill. ;
|c 23 cm.
|
| 490 |
0 |
|
|a Applied social research methods series ;
|v v. 10
|
| 504 |
|
|
|a Includes bibliography: (p. 133-138) and index.
|
| 541 |
1 |
|
|e 00005740
|
| 650 |
|
0 |
|a Social surveys.
|
| 650 |
|
0 |
|a Basic needs.
|
| 852 |
4 |
|
|a Ayesha Abed Library
|j General Shelf.
|
| 999 |
|
|
|c 7132
|d 7132
|
| 952 |
|
|
|0 0
|1 0
|2 ddc
|4 0
|6 301_072300000000000_MCK_1987
|7 0
|9 7407
|a BRACUL
|b BRACUL
|c GEN
|d 2010-01-24
|g 0.00
|l 0
|o 301.0723 MCK
|p 3010005740
|r 2010-01-24
|t 1
|w 2010-01-24
|y BK
|z Not price in Register
|